[Event "3rd Kolkata GM Open 2018"]
[Site "Kolkata"]
[Date "2018.05.15"]
[Round "2"]
[White "Nandhidhaa, PV."]
[Black "Khusenkhojaev, Muhammad"]
[Result "0-1"]
[WhiteElo "2271"]
[BlackElo "2456"]
[Annotator "TA"]
[PlyCount "82"]
[EventDate "2018.??.??"]
[EventType "swiss"]
[EventCountry "IND"]
[SourceTitle "playchess.com"]
[Source "ChessBase"]
[SourceQuality "1"]

{[%evp 16,82,12,21,16,0,25,0,16,11,8,19,12,8,10,11,21,0,0,0,55,49,63,20,194,20,8,0,0,-68,-56,-187,-168,-170,-166,-167,-170,-279,-277,-296,-311,-289,-299,-287,-285,-303,-272,-365,-274,-440,-327,-310,-316,-395,-402,-500,-461,-482,-483,-550,-545,-1118,-686,-29983,-29984,-29984,-29985,-29985,-29986]} 1. e4 c5 2. Nf3 d6 3. d4 cxd4 4. Nxd4 Nf6 5. Nc3 a6 6. Be2 e5 7. Nb3 Be7 8. Qd3 {B92: Sicilian Najdorf: 6 Be2} (8. Bg5 Be6 9. Bxf6 Bxf6 10. Qd3 Be7 11. Nd5 Nd7 12. Rd1 Bxd5 13. Qxd5 Qc7 14. c3 Nf6 15. Qd3 O-O 16. O-O Rfd8 17. Bf3 b5 {0-1 (71) Ponomariov,R (2694)-Salem,A (2638) Riadh 2017}) 8... O-O 9. Be3 {LiveBook: 4 Games} Qc7 10. g4 {The position is equal.} Nc6 $146 ({Predecessor:} 10... Be6 11. g5 Ne8 12. Nd5 Bxd5 13. exd5 Nd7 14. f4 f5 15. h4 Rc8 16. c3 Nc5 {1-0 (32) Kulon,K (1977)-Wierzbicka,E (2020) Polanica Zdroj 2004}) 11. a3 Bxg4 12. Bxg4 Nxg4 13. Nd5 Qd8 14. Bb6 Qc8 15. Rg1 Nf6 16. Be3 ({Don't play} 16. Qg3 g6 $17) 16... Qh3 17. O-O-O Nxd5 (17... Qxh2 $2 18. Rh1 $18) ({Black should play} 17... Rac8 $11) 18. exd5 $14 Nd8 19. Rg3 {[%mdl 1024] White has compensation.} Qh4 $2 {[#]} (19... Qh5 $1 $11 {and Black has nothing to worry.}) 20. Rdg1 $2 (20. Qf5 $1 $18) 20... g6 $132 {[%mdl 2048] Black has counterplay} 21. Qf5 Kh8 $1 ({Don't blunder} 21... Qxh2 $2 22. Qd7 $18) 22. Qd7 (22. Qf3 $1 $11) 22... f5 $15 {[%cal Bf7f5,Bf5f4,Bf4e3][%mdl 32]} 23. Nd2 ({Better is} 23. Kb1 $15) 23... f4 $19 24. Rg4 fxe3 25. Rxh4 exd2+ 26. Kd1 (26. Kxd2 {was forced.} Bxh4 27. Rg4 Bxf2 28. Qxd6) 26... Bxh4 27. Rg4 Bxf2 {[#] Threatens to win with ...Be3.} 28. Qxd6 {[%cal Rd6f8]} Rf5 29. Kxd2 Nf7 30. Qe7 b5 31. b3 Rc8 32. c4 $2 (32. Qe6 Rd8 33. c3) 32... bxc4 33. Rxc4 Rd8 34. Ke2 Kg7 35. Rc7 Rxd5 36. Rc8 {aiming for Qf8+.} Kh6 37. Rf8 Bc5 38. Qh4+ Rh5 39. Qe4 Rxh2+ {Black mates.} 40. Ke1 Bf2+ 41. Ke2 Bg3+ {Precision: White = 27%, Black = 66%.} 0-1